000 00511nam a2200169 i 4500
001 57998
003 ES-MaACL
005 20230906163712.0
007 t|
008 031020s1971 sp ||||1| spa d
100 1 _aDucrocq, Albert.
_945853
245 1 3 _aLa ciencia a la conquista del pasado /
_cAlbert Ducrocq ; [traducido por Manuel Pellicer].
260 _a[Madrid] :
_bIberoamericanas,
_c1971.
300 _a228 p. ;
_c17 cm.
700 1 _aPellicer, Manuel.
_990085
852 _aES-MaACL
_jC-42098
_bR.78256
999 _c57998
_d57998